000 00359 a2200145 4500
003 Nust
005 20170207154041.0
040 _cNust
100 _aM. MORRIS MANO,MICHAEL D. CILETTI
245 _aDigital design (E-Book)
_cM. MORRIS MANO,MICHAEL D. CILETTI
250 _a4th ed
260 _ainh
_bUpper Saddle River
_c2007
300 _a294p;
651 _a(E-Book)
942 _2ddc
_cBK
999 _c192648
_d192648